Meranie výkonnosti v zdravotníckych zariadeniach na Slovensku

Hodnotenie výkonnosti zdravotníckych zariadení na Slovensku. Meranie výsledkov zdravotnej starostlivosti na úrovni zdravotníckeho systému. Podpora informatizácie procesov a služieb v zdravotníckych zariadeniach. Implementácia systému e-Health a bariéry implementácie.

Saved in:
Bibliographic Details
Main Author: Gavurová, Beáta, 1972-
Other Authors: Szabo, Stanislav, 1970-
Format: Book Chapter
Language:Slovak
Subjects:
Tags: Add Tag
No Tags, Be the first to tag this record!

MARC

LEADER 00000nla$a2200000$$$4500
001 0142403
005 20221103134633.0
041 0 |a slo 
044 |a SK 
245 1 0 |a Meranie výkonnosti v zdravotníckych zariadeniach na Slovensku  |c Beáta Gavurová, Stanislav Szabo 
520 |a Hodnotenie výkonnosti zdravotníckych zariadení na Slovensku. Meranie výsledkov zdravotnej starostlivosti na úrovni zdravotníckeho systému. Podpora informatizácie procesov a služieb v zdravotníckych zariadeniach. Implementácia systému e-Health a bariéry implementácie. 
610 2 0 |a zariadenia zdravotnícke 
610 2 0 |a výkonnosť 
610 2 0 |a meranie 
610 2 0 |a Slovensko 
100 1 |a Gavurová, Beáta, 1972- 
700 1 |a Szabo, Stanislav, 1970-